Vivaravakasha niyamam/ (Record no. 174595)
[ view plain ]
| 000 -LEADER | |
|---|---|
| fixed length control field | 00398nam a22001697a 4500 |
| 082 ## - DEWEY DECIMAL CLASSIFICATION NUMBER | |
| Classification number | M 342.066 2 |
| Item number | BIN/V |
| 100 ## - MAIN ENTRY--AUTHOR NAME | |
| Personal name | Binu D B |
| 245 ## - TITLE STATEMENT | |
| Title | Vivaravakasha niyamam/ |
| Statement of responsibility, etc | by Binu D B |
| 250 ## - EDITION STATEMENT | |
| Edition statement | 7th. |
| 260 ## - PUBLICATION, DISTRIBUTION, ETC. (IMPRINT) | |
| Place of publication | Kochi: |
| Name of publisher | Niyamasameekha, |
| Year of publication | 2022. |
| 300 ## - PHYSICAL DESCRIPTION | |
| Number of Pages | 672p. |
| 650 ## - SUBJECT ADDED ENTRY--TOPICAL TERM | |
| Topical Term | Right to Information |
| 650 ## - SUBJECT ADDED ENTRY--TOPICAL TERM | |
| Topical Term | Public Records |
| 650 ## - SUBJECT ADDED ENTRY--TOPICAL TERM | |
| Topical Term | Law |
| 650 ## - SUBJECT ADDED ENTRY--TOPICAL TERM | |
| Topical Term | Social Sciences |
| 942 ## - ADDED ENTRY ELEMENTS (KOHA) | |
| Koha item type | Book |
| Withdrawn status | Lost status | Damaged status | Not for loan | Permanent Location | Current Location | Shelving location | Date acquired | Cost, normal purchase price | Full call number | Accession Number | Price effective from | Koha item type |
|---|---|---|---|---|---|---|---|---|---|---|---|---|
| Sree Sankaracharya University of Sanskrit | Sree Sankaracharya University of Sanskrit | Stacks | 25.07.2023 | 750.00 | M 342.066 2 BIN/V | 103464 | 25.07.2023 | Book | ||||
| Sree Sankaracharya University of Sanskrit | Sree Sankaracharya University of Sanskrit | Reference | 25.07.2023 | 750.00 | R M 342.066 2 BIN/V | 103465 | 25.07.2023 | Reference |